Multiple choice questions (MCQS) in medical biochemistry Part one/
Պահպանված է:
| Հիմնական հեղինակ: | |
|---|---|
| Ձևաչափ: | Գիրք |
| Լեզու: | անգլերեն |
| Հրապարակվել է: |
Miral press
2009
|
| Ցուցիչներ: |
Ավելացրեք ցուցիչ
Չկան պիտակներ, Եղեք առաջինը, ով նշում է այս գրառումը!
|
MARC
| LEADER | 00000nam a22000007a 4500 | ||
|---|---|---|---|
| 008 | 210819b ||||| |||| 00| 0 eng d | ||
| 020 | |a ISBN: 978-2283-15-0 | ||
| 100 | |a ABDUL-KAREEM, H. A. | ||
| 245 | |a Multiple choice questions (MCQS) in medical biochemistry Part one/ |c H.A. Abdul-Kareem.- |g xii,219p. | ||
| 260 | |b Miral press |c 2009 |h Lagos |i 685339 – (Med Lib.) |i 685341 |l RD82.3 Ab3 |m 1. Medical biochemistry – Examinations, questions etc. |m 2. Title | ||
| 500 | |a “It includes references” | ||
| 942 | |a lcc |c BK |e j. o. ifatola |f 19/ 08/ 2021 | ||
| 952 | |0 0 |1 0 |2 lcc |4 0 |6 RD00823 A B3 |7 0 |9 3164 |a ML |b HOL |c QZ |d 2021-08-19 |l 0 |o RD82.3 Ab3 |p 2021-66862 |r 2021-08-19 00:00:00 |w 2021-08-19 |y BK | ||
| 952 | |0 0 |1 0 |2 lcc |4 0 |6 RD00823 A B3 |7 0 |9 3165 |a ML |b HOL |c QZ |d 2021-08-19 |l 0 |o RD82.3 Ab3 |p 2021-66863 |r 2021-08-19 00:00:00 |w 2021-08-19 |y BK | ||
| 999 | |c 1600 |d 1600 | ||